Most Receiving Yards From a Running Back During the 2024 - 2025 Season - Statistics

General Stats
  • This quiz has been taken 9 times
  • The average score is 18 of 25
Answer Stats
Yards Answer % Correct
2 - 543 Alvin Kamara
100%
15 - 342 Josh Jacobs
100%
7 - 408 Aaron Jones Sr.
86%
12 - 366 Austin Ekeler
86%
5 - 431 Bijan Robinson
86%
4 - 483 Breece Hall
86%
9 - 392 Bucky Irving
86%
14 - 346 Javonte Williams
86%
20 - 309 Joe Mixon
86%
21 - 299 Kenneth Walker III
86%
8 - 393 Rachaad White
86%
13 - 360 Chase Brown
71%
10 - 386 D'Andre Swift
71%
1 - 592 De'Von Achane
71%
6 - 414 James Conner
71%
25 - 283 Najee Harris
71%
22 - 294 Alexander Mattison
57%
3 - 517 Jahmyr Gibbs
57%
23* - 284 Tyrone Tracy Jr.
57%
17 - 340 Zach Charbonnet
57%
16 - 341 David Montgomery
43%
19 - 310 Jaylen Warren
43%
11 - 383 Justice Hill
43%
23* - 284 Ty Johnson
43%
18 - 322 Samaje Perine
29%
No matching quizzes found
Score Distribution
Percent of People with Each Score
Percentile by Number Answered
Your Score History
You have not taken this quiz